Detalles MARC
| 000 -LIDER |
| fixed length control field |
01059nam a22003377a 4500 |
| 001 - NÚMERO DE CONTROL |
| Identificador de número de control |
376429 |
| 003 - IDENTIFICACDOR DE NÚMERO DE CONTROL |
| control field |
DO-SdBNP |
| 005 - DATE AND TIME OF LATEST TRANSACTION |
| control field |
20171116122558.0 |
| 007 - CAMPOS FIJOS DE DESCRIPCIÓN FÍSICA |
| fixed length control field |
376429 |
| 008 - ELEMENTOS DE LONGITUD FIJA |
| fixed length control field |
991216s1981 sp | ||| ||spa |
| 020 ## - ISBN |
| International Standard Book Number |
8402083498 |
| 040 ## - FUENTE DE CATALOGACIÓN |
| Agencia que crea de manera original el registro |
BPMSU |
| Idioma de catalogación |
spa |
| Agencia que realiza la transcripción |
BPMSU |
| 041 1# - CÓDIGOS DE OBRAS TRADUCIDAS O EN VARIOS IDIOMAS |
| Código del idioma del texto/archivo de sonido o separata |
spa |
| 082 #4 - NÚMERO DE CLASIFICACIÓN DECIMAL DE DEWEY |
| Classification number |
843.84 |
| Item number |
F587t |
| 100 1# - ASIENTO PRINCIPAL -- NOMBRE PERSONAL |
| Nombre personal |
Flaubert, Gustave |
| Fechas asociadas con el nombre |
1821-1880 |
| 240 ## - TITULO UNIFORME |
| Título uniforme |
Tois contes |
| Idioma de una obra |
Español |
| 245 10 - MENCIÓN DE TITULO |
| Título |
Tres cuentos / |
| Mención de responsabilidad |
Gustave Flabert ; traducción de Germán Palacios |
| 260 ## - PUBLICACIÓN, DISTRIBUCIÓN, ETC. (PIE DE IMPRENTA) |
| Lugar de publicación, distribución, etc |
Barcelona : |
| Nombre del editor, distribuidor, etc. |
Culb Bruguera, |
| Fecha de publicación, distribución, etc |
1981 |
| 300 ## - DESCRIPCIÓN FÍSICA |
| Extensión |
220 p. : |
| Dimensiones |
20 cm |
| 490 ## - MENCIÓN DE SERIES |
| Mención de serie |
Letras universal Bruguera |
| Volume/sequential designation |
97 |
| 500 ## - NOTA GENERAL |
| Nota general |
Incluye notas al pie de las páginas |
| 504 ## - NOTA DE BIBLIOGRAFÍA, ETC. |
| Bibliography, etc |
|
| 505 1# - NOTA DE CONTENIDO |
| Texto normalizado de contenido |
Un alma de Dios -- La leyenda de San Julián el Hospitalario -- Herodías |
| 650 ## - ENCABEZAMIENTO DE MATERIA--TEMÁTICO |
| Término temático o nombre geográfico como elemento de entrada |
CUENTOS FRANCESES |
| 650 ## - ENCABEZAMIENTO DE MATERIA--TEMÁTICO |
| Término temático o nombre geográfico como elemento de entrada |
LITERATURA FRANCESAS |
| 700 1# - ASIENTO SECUNDARIO -- NOMBRE PERSONAL |
| Nombre personal |
Bergés, Consuelo |
| Mención de responsabilidad |
traducción |
| 830 ## - ASIENTO SECUNDARIO DE SERIE--TÍTULO UNIFORME |
| Nombre de la parte o sección de una obra |
Letras universal Bruguera |
| Volume number/sequential designation |
97 |
| 942 ## - ADDED ENTRY ELEMENTS (KOHA) |
| Source of classification or shelving scheme |
Dewey Decimal Classification |
| Koha item type |
Libros |
| 945 ## - INFORMACIÓN DE PROCESAMIENTO LOCAL |
| Información de procesamiento local |
Inventariado extranjero / 2017 VM |
| 956 ## - LOCAL ELECTRONIC LOCATION AND ACCESS (OCLC) |
| Nombre de host |
VMATEO |
| Método de acceso |
10 |
| Materiales especificados |
20161031 |
| Enlace |
BPMSU |
| Campo enlazado y núm. de secuencia |
0069 |